1749 1609 1528 1849 1279 1373 1266 1057 1604 1767 1688 1904 1455 1694 1021 1262 1012 1071 1926 1949 1753 1889 1354 1381 1042 1410 1261 1427 1618 1459 1100 1410 1594 1654 1401 1723 1924 1173 1559 1235 1701 1332 1960 1679 1882 1216 1861 1094 1107 1974 1350 1662 1309 1552 1389 1469 1433 1052 1561 1969 1870 1423 1811 1184 1266 1426 1855 1891 1923 1030 1229 1401 1300 1054 1185 1303 1208 1785 1244 1938 1126 1127 1451 1143 1460 1686 1674 1352 1541 1836 1430 1781 1865 1658 1534 1620 1959 1641 1765 BCNSPRNW ULIB Ver.6.0+V

เปลี่ยนเป็นภาษาไทย

Change to English
 แสดงรายละเอียดบรรณานุกรม
  กลับหน้าหลัก

Brief Record : Get Marc (ISO 2709) : E-mail record : QR code < ปิดหน้าต่าง
LEADER : 00000nam 2200000uu 4500
001    13399111021
003     ULIB
008    110615s||||||||th 000 0 tha d
020    9789748283494
050  4 BF441^bพ179ด 2552
100 0  พชรชน
245 10 ดับเบิ้ลคลิกความคิด ฉบับคู่ใจวัยกิ๊ก /^cโดย พชรชน
260    พิษณุโลก :^bกองทุนจิตภาวนาชินวงส์,^c2552
300    92 หน้า
650  7 ความรัก
650  7 เพื่อน
650  7 ครอบครัว
650  7 การศึกษา
650  7 อารมณ์
945    ^p0^l0^i026498
945    ^p0^l0^i026497
995    ทศพร
999 ^a ใช้งานได้ทุกระบบ
รายการนี้ยังไม่มีแท็ก
คุณยังไม่ได้ล็อกอิน คุณสามารถมีกิจกรรมร่วมกับเว็บไซต์ได้ แต่ต้องล็อกอินก่อน ::
  ล็อกอิน

รายการสื่อสารสนเทศ

ลำดับที่ ประเภท เลขเรียก/บาร์โค้ด สถานที่ สถานะ
- ไม่พบข้อมูล -

รายการใกล้เคียง
    หัวเรื่อง [ความรัก]
    หัวเรื่อง [ครอบครัว]
    หัวเรื่อง [การศึกษา]
    หัวเรื่อง [อารมณ์]

BibComment


ยังไม่เคยถูกคอมเมนท์

คอมเมนท์ทรัพยากรรายการนี้
  คอมเมนท์: ดับเบิ้ลคลิกความค..


 Copyright 2026. Bcnsprnw @Library